000 00430pam a2200157a 44500
008 230515b2009 xxu||||| |||| 00| 0 eng d
020 _a978-1451-1087-50
041 _aENGLISH
082 _a618.92
100 _aRICCI SUSAN SCOTT
245 _aESSENTIALS OF MATERNITY NEWBORN AND WOMEN'S HEALTH NURSING
250 _a2
260 _a
_bLIPPINCOTTT WILLAMA & WILKINS, WOLTERS KIUWER.
_c2009
300 _a860
650 _aNULL
999 _c506534
_d506534